• 首页
  • 本馆介绍
  • 公告通知
  • 最新文献
  • 馆藏检索
  • 电子资源
  • 读者导购
  • 参考咨询
  • 我的图书馆
  • 登录
  • 详细信息显示
  • 放入我的书架
  • 预约/预借图书
  • 作者相关作品
  • 分类相关作品
  • 丛书相关作品
  • 出版社相关作品

书目信息

  • 表格格式
  • 工作单格式
  • 卡片格式
题名:
空间物理学进展
    
 
作者: 叶永〓 , 吕保维 主编
分册:  
出版信息: 成都   四川科学技术出版社  1988.12
页数: 800页
开本: 20厘米
丛书名:
单 册:
中图分类: P182
科图分类:
主题词: 空间物理学--进展 , 太阳系
电子资源:
ISBN: 7-5364-1364-5
000 00775nam0 2200253 45
001 0189015079
005 20061121140707.93
010    @a7-5364-1364-5@b精装@d19.20
020    @aCN@b89015079
100    @a19910304d1988 k y0chiy0120 ea
101 0  @achi
102    @aCN@b510000
105    @ay z 000yy
200 10 @a空间物理学进展@Akong jian wu li xue jin zhan@f叶永〓,吕保维主编@Fye yong xuan , lu bao wei zhu bian
210    @a成都@c四川科学技术出版社@d1988.12
215    @a800页@d20厘米
540 1  @a空间 物理学 进展@Akong jian wu li xue jin zhan
606    @a空间物理学@x进展
606 0  @a太阳系
690    @aP182@v3
701  0 @a叶永〓@Aye yong xuan@4主编
701  0 @a吕保维@Alu bao wei@4主编
801  0 @aCN@bTSSF@c20061121
905    @a10447@dP182@e68
    
    空间物理学进展/叶永〓,吕保维主编.-成都:四川科学技术出版社,1988.12
    800页;20厘米
    
    
    ISBN 7-5364-1364-5(精装):19.20
    
●
相关链接 在E读中查询图书 在五车中查询图书 在当当中查询图书 在豆瓣中查询图书


正题名:空间物理学进展     索取号:P182/68         预约/预借

序号 登录号 条形码 馆藏地/架位号 状态 备注
1 0226634   202102937   第二样本阅览室/ [索取号:P182/68] 在馆    
唐山师范学院图书馆 欢迎您!
大连网信软件有限公司© 版权所有